[Event "Rohde op 12th"]
[Site "Sautron"]
[Date "2012.11.??"]
[Round "4"]
[White "Bihari, Pascal"]
[Black "Oyens, Conrad"]
[Result "0-1"]
[WhiteElo "1797"]
[BlackElo "2027"]
[PlyCount "72"]
[EventDate "2012.10.27"]
[EventType "swiss"]
[EventRounds "9"]
[EventCountry "FRA"]
[SourceTitle "EXT 2014"]
[Source "ChessBase"]
[SourceDate "2013.11.20"]
[SourceVersion "1"]
[SourceVersionDate "2013.11.20"]
[SourceQuality "1"]

1. e4 c5 2. Nf3 Qc7 3. Nc3 a6 4. d4 cxd4 5. Nxd4 Nf6 6. Be3 e6 7. a3 Bc5 8. Qd2 b5 9. f3 0-0 10. Be2 d6 11. 0-0 Qa7 12. Bf2 Bb7 13. b4 Bb6 14. a4 e5 15. Nf5 bxa4 16. Qg5 Ne8 17. Nh6+ Kh8 18. Qe7 Nd7 19. Nxf7+ Kg8 20. Bc4 Bxf2+ 21. Rxf2 Qd4 22. Nxd6+ Kh8 23. Nf7+ Rxf7 24. Qxf7 Nef6 25. Rd1 Qxc3 26. Rxd7 Nxd7 27. Qxd7 Qxc4 28. Qxb7 Rd8 29. Rf1 a3 30. Qb6 Rc8 31. Rd1 h6 32. Rd8+ Rxd8 33. Qxd8+ Kh7 34. Qf8 Qd4+ 35. Kf1 Qd1+ 36. Kf2 Qd2+ 0-1

[Event "Rohde op 12th"]
[Site "Sautron"]
[Date "2012.11.??"]
[Round "2"]
[White "Mercier, Jean Loup"]
[Black "Oyens, Conrad"]
[Result "0-1"]
[WhiteElo "1810"]
[BlackElo "2027"]
[PlyCount "109"]
[EventDate "2012.10.27"]
[EventType "swiss"]
[EventRounds "9"]
[EventCountry "FRA"]
[SourceTitle "EXT 2014"]
[Source "ChessBase"]
[SourceDate "2013.11.20"]
[SourceVersion "1"]
[SourceVersionDate "2013.11.20"]
[SourceQuality "1"]

1. b3 d5 2. Bb2 c6 3. Nf3 Bg4 4. e3 Nd7 5. Be2 e6 6. 0-0 Ngf6 7. c4 Bd6 8. Nd4 Bxe2 9. Qxe2 0-0 10. f4 Re8 11. Nc3 e5 12. fxe5 Nxe5 13. cxd5 cxd5 14. Nf3 a6 15. Nxe5 Bxe5 16. Qf3 Qd7 17. Rac1 Ne4 18. Rfd1 Rac8 19. d4 Nxc3 20. Bxc3 Bd6 21. Bb2 Bb4 22. Rxc8 Rxc8 23. Rc1 Rxc1+ 24. Bxc1 Qc6 25. Qd1 Qc3 26. Kf2 g6 27. Ke2 Bd6 28. g3 Kg7 29. Qd2 Qxd2+ 30. Bxd2 Kf6 31. Kf3 Kf5 32. h3 h5 33. Ba5 f6 34. Bd8 Bb4 35. Bc7 Bc3 36. Bb6 Ba1 37. g4+ hxg4+ 38. hxg4+ Kg5 39. Bc5 Bc3 40. Bd6 Be1 41. Bf4+ Kh4 42. Bd6 Kh3 43. Be7 Bh4 44. Bf8 Bg5 45. a4 Bxe3 46. Kxe3 Kxg4 47. Bg7 f5 48. Bf6 f4+ 49. Kf2 Kf5 50. Be5 g5 51. b4 g4 52. a5 Ke4 53. Bf6 Kd3 54. Be5 f3 55. Kg3 0-1

[Event "FRA-chT2 North 0809"]
[Site "France"]
[Date "2009.03.15"]
[Round "9.6"]
[White "De Faria, Manuel"]
[Black "Oyens, Conrad"]
[Result "0-1"]
[WhiteElo "2073"]
[BlackElo "2009"]
[PlyCount "44"]
[EventDate "2008.10.19"]
[EventType "team-tourn"]
[EventRounds "11"]
[EventCountry "FRA"]
[SourceTitle "EXT 2010"]
[Source "ChessBase"]
[SourceDate "2010.11.25"]
[SourceVersion "1"]
[SourceVersionDate "2010.11.25"]
[SourceQuality "1"]
[WhiteTeam "Cergy Pontoise"]
[BlackTeam "Chess XV"]
[WhiteTeamCountry "FRA"]
[BlackTeamCountry "FRA"]

1. e4 c5 2. Nf3 Qc7 3. Bc4 e6 4. 0-0 a6 5. a4 d6 6. Qe2 Nf6 7. c3 Be7 8. d4 d5 9. exd5 exd5 10. Bd3 c4 11. Bc2 Bg4 12. Re1 Nc6 13. Bg5 0-0 14. Nbd2 Rfe8 15. Bxf6 gxf6 16. Qd1 Bd6 17. h3 Bh5 18. b3 b5 19. axb5 axb5 20. Rxe8+ Rxe8 21. bxc4 bxc4 22. Qb1 Bg6 0-1

[Event "FRA-chT2 North 0809"]
[Site "France"]
[Date "2009.02.08"]
[Round "7.6"]
[White "Oyens, Conrad"]
[Black "Imbert, Etienne"]
[Result "1/2-1/2"]
[WhiteElo "2009"]
[BlackElo "2007"]
[PlyCount "35"]
[EventDate "2008.10.19"]
[EventType "team-tourn"]
[EventRounds "11"]
[EventCountry "FRA"]
[SourceTitle "EXT 2010"]
[Source "ChessBase"]
[SourceDate "2010.11.25"]
[SourceVersion "1"]
[SourceVersionDate "2010.11.25"]
[SourceQuality "1"]
[WhiteTeam "Chess XV"]
[BlackTeam "Le Vesinet"]
[WhiteTeamCountry "FRA"]
[BlackTeamCountry "FRA"]

1. d4 Nf6 2. c4 e6 3. Nc3 d5 4. Bg5 Be7 5. e3 0-0 6. Nf3 Nbd7 7. Rc1 c6 8. Bd3 b6 9. 0-0 Bb7 10. Qe2 c5 11. Rfd1 cxd4 12. Nxd4 Rc8 13. a3 Ne5 14. cxd5 Nxd3 15. Qxd3 Nxd5 16. Bxe7 Qxe7 17. Nxd5 Bxd5 18. e4 1/2-1/2